|
|
|
|
| LEADER |
00000cam a2200000 a 4500 |
| 001 |
vtls008383752 |
| 003 |
SK-MaSNL |
| 005 |
20260302074657.0 |
| 008 |
250313s1943 xo 000 0 slo |
| 015 |
|
|
|a SNBA19421945-071/1584
|
| 035 |
|
|
|a SK01SNKBKSD220010075969
|
| 035 |
|
|
|a urn:nbn:sk:snk-am3hvt4
|
| 035 |
|
|
|a 96486453-0367-49D8-9399-0C0E8958A93C
|
| 035 |
|
|
|a urn:nbn:sk:snk-am00dary
|
| 035 |
|
|
|a SKM000078432
|
| 040 |
|
|
|a SNK
|b slo
|c SNK
|e AACR2
|
| 041 |
0 |
|
|a slo
|
| 044 |
|
|
|a xo
|c SK
|
| 080 |
|
|
|a 372(075)
|2 1981
|
| 080 |
|
|
|a 808.54(075)
|2 1981
|
| 100 |
1 |
|
|a Magdolen, Valentín
|4 aut
|9 740579
|
| 245 |
1 |
0 |
|a Slovenská reč
|b cvičebnica a gramatika pre III. triedu meštianskych škôl
|c napísal Valentín Magdolen
|
| 260 |
|
|
|a Trnava
|b Spolok sv. Vojtecha
|c 1943
|e Trnava
|f Spolok Sv. Vojtecha
|
| 300 |
|
|
|a 194, [iv] s.
|c 8°
|
| 650 |
0 |
7 |
|a slovenčina
|2 SNKPH
|9 1350
|
| 650 |
0 |
7 |
|a gramatika
|2 SNKPH
|9 865
|
| 650 |
0 |
7 |
|a pravopis
|2 SNKPH
|9 868
|
| 655 |
|
7 |
|a učebnice základných škôl
|2 SNKPH
|9 70187
|
| 852 |
|
|
|a Slovenská národná knižnica
|
| 958 |
|
|
|a OND
|
| 958 |
|
|
|a RK
|
| 958 |
|
|
|a TL
|
| 999 |
|
|
|c 1166024
|d 1167954
|
| 952 |
|
|
|a SNK
|b SNK
|y VYP
|7 0
|p 17A0654639
|o snkSD 4852 D1
|i snkXI. 604/55
|3 rekatalogizácia
|0 0
|1 0
|4 0
|d 2007-05-30
|l 0
|r 2026-02-24 20:48:43
|w 2026-02-24
|
| 952 |
|
|
|a SNK
|b SNK
|y VYP
|7 0
|p 17A0654640
|o snkSD 4852 D2
|i snkK 464/93
|8 3
|3 rekatalogizácia
|0 0
|1 0
|4 0
|d 2007-05-30
|l 0
|r 2026-02-24 20:48:43
|w 2026-02-24
|
| 952 |
|
|
|a SNK
|b SNK
|y PREZ
|7 0
|p 17A0907913
|o snkSD 4852
|i snk1570/43
|0 0
|1 0
|4 0
|d 2018-06-14
|f 1
|l 0
|r 2025-11-11 00:00:00
|w 2026-02-24
|